<?xml version="1.0" encoding="UTF-8"?>
<record
    xmlns:xsi="http://www.w3.org/2001/XMLSchema-instance"
    xsi:schemaLocation="http://www.loc.gov/MARC21/slim http://www.loc.gov/standards/marcxml/schema/MARC21slim.xsd"
    xmlns="http://www.loc.gov/MARC21/slim">

  <leader>00385nam a22001577a 4500</leader>
  <datafield tag="999" ind1=" " ind2=" ">
    <subfield code="c">478834</subfield>
    <subfield code="d">478834</subfield>
  </datafield>
  <controlfield tag="003">NUST</controlfield>
  <controlfield tag="005">20180726110113.0</controlfield>
  <controlfield tag="008">180726b           ||||| |||| 00| 0 eng d</controlfield>
  <datafield tag="038" ind1=" " ind2=" ">
    <subfield code="a">0</subfield>
  </datafield>
  <datafield tag="082" ind1=" " ind2=" ">
    <subfield code="a">155.283</subfield>
  </datafield>
  <datafield tag="100" ind1=" " ind2=" ">
    <subfield code="4">Gary S. Wilkinson, PhD</subfield>
  </datafield>
  <datafield tag="245" ind1=" " ind2=" ">
    <subfield code="a">WRAT 4 Wide Range Achievement Test: Professional Manual</subfield>
  </datafield>
  <datafield tag="260" ind1=" " ind2=" ">
    <subfield code="a">USA</subfield>
    <subfield code="b">PAR</subfield>
    <subfield code="c">2006</subfield>
  </datafield>
  <datafield tag="300" ind1=" " ind2=" ">
    <subfield code="a">494p</subfield>
  </datafield>
  <datafield tag="942" ind1=" " ind2=" ">
    <subfield code="2">ddc</subfield>
    <subfield code="c">BK</subfield>
  </datafield>
  <datafield tag="952" ind1=" " ind2=" ">
    <subfield code="0">0</subfield>
    <subfield code="1">0</subfield>
    <subfield code="2">ddc</subfield>
    <subfield code="4">0</subfield>
    <subfield code="7">0</subfield>
    <subfield code="8">NFIC</subfield>
    <subfield code="a">CL</subfield>
    <subfield code="b">CL</subfield>
    <subfield code="c">GEN</subfield>
    <subfield code="d">2018-07-26</subfield>
    <subfield code="l">1</subfield>
    <subfield code="o">155.283 WIL</subfield>
    <subfield code="p">S3H-P-134</subfield>
    <subfield code="q">2018-11-09</subfield>
    <subfield code="r">2018-10-25</subfield>
    <subfield code="s">2018-10-25</subfield>
    <subfield code="w">2018-07-26</subfield>
    <subfield code="y">BK</subfield>
  </datafield>
  <datafield tag="952" ind1=" " ind2=" ">
    <subfield code="0">0</subfield>
    <subfield code="1">0</subfield>
    <subfield code="2">ddc</subfield>
    <subfield code="4">0</subfield>
    <subfield code="7">0</subfield>
    <subfield code="8">NFIC</subfield>
    <subfield code="a">CL</subfield>
    <subfield code="b">CL</subfield>
    <subfield code="c">GEN</subfield>
    <subfield code="d">2018-07-26</subfield>
    <subfield code="l">1</subfield>
    <subfield code="o">155.283 WIL</subfield>
    <subfield code="p">S3H-P-135</subfield>
    <subfield code="q">2018-11-09</subfield>
    <subfield code="r">2018-10-25</subfield>
    <subfield code="s">2018-10-25</subfield>
    <subfield code="w">2018-07-26</subfield>
    <subfield code="y">BK</subfield>
  </datafield>
  <datafield tag="952" ind1=" " ind2=" ">
    <subfield code="0">0</subfield>
    <subfield code="1">0</subfield>
    <subfield code="2">ddc</subfield>
    <subfield code="4">0</subfield>
    <subfield code="7">0</subfield>
    <subfield code="8">NFIC</subfield>
    <subfield code="a">CL</subfield>
    <subfield code="b">CL</subfield>
    <subfield code="c">GEN</subfield>
    <subfield code="d">2018-07-26</subfield>
    <subfield code="l">1</subfield>
    <subfield code="o">155.283 WIL</subfield>
    <subfield code="p">S3H-P-136</subfield>
    <subfield code="q">2018-11-09</subfield>
    <subfield code="r">2018-10-25</subfield>
    <subfield code="s">2018-10-25</subfield>
    <subfield code="w">2018-07-26</subfield>
    <subfield code="y">BK</subfield>
  </datafield>
  <datafield tag="952" ind1=" " ind2=" ">
    <subfield code="0">0</subfield>
    <subfield code="1">0</subfield>
    <subfield code="2">ddc</subfield>
    <subfield code="4">0</subfield>
    <subfield code="7">0</subfield>
    <subfield code="8">NFIC</subfield>
    <subfield code="a">CL</subfield>
    <subfield code="b">CL</subfield>
    <subfield code="c">GEN</subfield>
    <subfield code="d">2018-07-26</subfield>
    <subfield code="l">1</subfield>
    <subfield code="o">155.283 WIL</subfield>
    <subfield code="p">S3H-P-137</subfield>
    <subfield code="q">2018-11-09</subfield>
    <subfield code="r">2018-10-25</subfield>
    <subfield code="s">2018-10-25</subfield>
    <subfield code="w">2018-07-26</subfield>
    <subfield code="y">BK</subfield>
  </datafield>
</record>
